[Event "Verden op-B"]
[Site "Verden"]
[Date "2023.01.07"]
[Round "6"]
[White "Juergenpott, Maximilian"]
[Black "Ay, Furkan Enes"]
[Result "1-0"]
[WhiteElo "1560"]
[BlackElo "1311"]
[PlyCount "59"]
[EventDate "2023.01.05"]
[EventType "swiss"]
[EventRounds "7"]
[EventCountry "GER"]
[SourceTitle "CBM 212 Extra"]
[Source "ChessBase"]
[SourceDate "2023.03.31"]
[SourceVersion "1"]
[SourceVersionDate "2023.03.31"]
[SourceQuality "1"]

1. d4 Nf6 2. Nf3 d6 3. e3 g6 4. Bd3 Bg7 5. 0-0 0-0 6. b3 Re8 7. Bb2 Nbd7 8. Nbd2 e5 9. dxe5 dxe5 10. e4 Nh5 11. Re1 Nf4 12. Bf1 c5 13. g3 Ne6 14. c3 b6 15. Nc4 Bf8 16. Ncxe5 Qc7 17. Nc4 Bb7 18. Bg2 Rad8 19. Qc2 Bg7 20. Rad1 Nf6 21. Nh4 Rxd1 22. Rxd1 Rd8 23. Rxd8+ Qxd8 24. e5 Nd5 25. Nd6 Bc6 26. Nf3 Qc7 27. a3 Bxe5 28. Nxe5 Qxd6 29. Nxc6 Qxc6 30. Qd2 1-0

[Event "Bremen Silvester op"]
[Site "Bremen"]
[Date "2021.12.27"]
[Round "1"]
[White "Pollmann, Sascha"]
[Black "Juergenpott, Maximilian"]
[Result "1-0"]
[WhiteElo "2076"]
[BlackElo "1510"]
[PlyCount "64"]
[EventDate "2021.12.21"]
[EventType "swiss"]
[EventRounds "7"]
[EventCountry "GER"]
[SourceTitle "CBM 205 Extra"]
[Source "ChessBase"]
[SourceDate "2022.01.31"]
[SourceVersion "1"]
[SourceVersionDate "2022.01.31"]
[SourceQuality "1"]

1. Nf3 Nf6 2. g3 g6 3. Bg2 Bg7 4. 0-0 0-0 5. d4 d6 6. b3 c5 7. c4 Nbd7 8. Bb2 Rb8 9. Nc3 a6 10. dxc5 Nxc5 11. Nd4 e5 12. Nc2 Bf5 13. Ne3 Be4 14. Nxe4 Ncxe4 15. Qc2 Nc5 16. Rad1 Qc7 17. Nd5 Nxd5 18. Rxd5 f5 19. Rfd1 Rf6 20. Qd2 Re6 21. Rxd6 e4 22. Rxe6 Nxe6 23. Bxg7 Kxg7 24. Qd7+ Qxd7 25. Rxd7+ Kh6 26. f3 exf3 27. Bxf3 b5 28. Rd6 Nc7 29. Rc6 Rb7 30. Rxa6 bxc4 31. Bxb7 Nxa6 32. Bxa6 c3 1-0

[Event "DSOL 08 Liga Gr-C 1st"]
[Site "Playchess.com INT"]
[Date "2020.07.29"]
[Round "6.1"]
[White "Juergenpott, Maximilian"]
[Black "Daichendt, Dirk Michael"]
[Result "1-0"]
[WhiteElo "1327"]
[BlackElo "1467"]
[PlyCount "77"]
[EventDate "2020.06.22"]
[EventType "team-tourn (rapid)"]
[EventCountry "GER"]
[SourceTitle "EXT 2021"]
[Source "ChessBase"]
[SourceDate "2020.10.23"]
[SourceVersion "1"]
[SourceVersionDate "2020.10.23"]
[SourceQuality "1"]
[WhiteTeam "Bad Essen II"]
[BlackTeam "Paderborn Blauer Springer IV"]
[WhiteTeamCountry "GER"]
[BlackTeamCountry "GER"]

1. d4 Nf6 2. Bf4 d5 3. c3 c5 4. e3 Nc6 5. Nd2 cxd4 6. cxd4 g6 7. Ngf3 Bg7 8. Bb5 0-0 9. Ne5 Nxe5 10. dxe5 Nd7 11. h4 Nxe5 12. h5 a6 13. Be2 Bf5 14. g4 Nd3+ 15. Bxd3 Bxd3 16. Qb3 Bc4 17. Nxc4 dxc4 18. Qxc4 Bxb2 19. Rb1 Rc8 20. Qe4 Qa5+ 21. Ke2 Qxa2 22. Qxb7 Rc2+ 23. Kf3 Bf6 24. Bg3 Qc4 25. Rhe1 Bc3 26. Rec1 Qe2+ 27. Kg2 Rxc1 28. Rxc1 Bd2 29. Qb2 Qd3 30. Rd1 Rd8 31. Bc7 Rd7 32. Qb8+ Kg7 33. h6+ Kxh6 34. Qf8+ Kg5 35. Bf4+ Kxg4 36. Qh6 Qe4+ 37. Kg1 Kf5 38. Qh3+ Kf6 39. Qxd7 1-0

[Event "GER-ch U18 sf Berlin Online"]
[Site "Playchess.com INT"]
[Date "2020.05.01"]
[Round "3"]
[White "Juergenpott, Maximilian"]
[Black "Bashylina, Luisa"]
[Result "0-1"]
[WhiteElo "1556"]
[BlackElo "1672"]
[PlyCount "70"]
[EventDate "2020.05.01"]
[EventType "swiss (blitz)"]
[EventRounds "13"]
[EventCountry "GER"]
[SourceTitle "CBM 195 Extra"]
[Source "ChessBase"]
[SourceDate "2020.05.31"]
[SourceVersion "1"]
[SourceVersionDate "2020.05.31"]
[SourceQuality "1"]

1. e4 e6 2. d4 d5 3. e5 c5 4. c3 Qb6 5. Na3 Bd7 6. Nc2 Bb5 7. Bxb5+ Qxb5 8. Ne2 Nc6 9. 0-0 cxd4 10. cxd4 Nge7 11. b3 Nf5 12. Bb2 h5 13. Nc3 Qb6 14. Ne2 Rc8 15. Qd3 Be7 16. a3 a5 17. a4 g6 18. h3 Kf8 19. Rad1 Kg7 20. Qb5 Qxb5 21. axb5 Nb4 22. Nxb4 Bxb4 23. Rc1 Bd2 24. Rxc8 Rxc8 25. Rd1 Rc2 26. Bc1 Bxc1 27. Nxc1 Nxd4 28. Rxd4 Rxc1+ 29. Kh2 Rb1 30. Ra4 b6 31. Ra3 d4 32. f3 d3 33. b4 d2 34. bxa5 bxa5 35. Rxa5 d1Q 0-1

[Event "GER-ch U18 sf Berlin Online"]
[Site "Playchess.com INT"]
[Date "2020.05.01"]
[Round "1"]
[White "Juergenpott, Maximilian"]
[Black "Braun, Matthieu"]
[Result "1-0"]
[WhiteElo "1556"]
[BlackElo "1620"]
[PlyCount "71"]
[EventDate "2020.05.01"]
[EventType "swiss (blitz)"]
[EventRounds "13"]
[EventCountry "GER"]
[SourceTitle "CBM 195 Extra"]
[Source "ChessBase"]
[SourceDate "2020.05.31"]
[SourceVersion "1"]
[SourceVersionDate "2020.05.31"]
[SourceQuality "1"]

1. e4 e6 2. d4 d5 3. e5 Nc6 4. Nf3 f6 5. exf6 Nxf6 6. Bg5 h6 7. Bh4 Be7 8. c3 0-0 9. Be2 Bd6 10. Nbd2 e5 11. 0-0 Bg4 12. h3 Bxf3 13. Nxf3 e4 14. Nd2 g5 15. Bg3 Bxg3 16. fxg3 Nd7 17. g4 Nf6 18. Nb3 Ne7 19. Nc5 b6 20. Ne6 Qe8 21. Nxf8 Qxf8 22. Rf2 c5 23. Qf1 cxd4 24. Rxf6 Qg7 25. cxd4 Rf8 26. Rxf8+ Qxf8 27. Qxf8+ Kxf8 28. Rf1+ Kg7 29. Bb5 Kg6 30. Be8+ Kg7 31. Rf7+ Kh8 32. Rxe7 Kg8 33. Bf7+ Kf8 34. Rxa7 Kg7 35. Kf2 Kf6 36. Ke3 1-0

[Event "GER-ch U18 sf Berlin Online"]
[Site "Playchess.com INT"]
[Date "2020.05.01"]
[Round "9"]
[White "Liu, Jan Luca"]
[Black "Juergenpott, Maximilian"]
[Result "0-1"]
[WhiteElo "1620"]
[BlackElo "1556"]
[PlyCount "74"]
[EventDate "2020.05.01"]
[EventType "swiss (blitz)"]
[EventRounds "13"]
[EventCountry "GER"]
[SourceTitle "CBM 195 Extra"]
[Source "ChessBase"]
[SourceDate "2020.05.31"]
[SourceVersion "1"]
[SourceVersionDate "2020.05.31"]
[SourceQuality "1"]

1. e4 d6 2. Nf3 Nf6 3. Nc3 Nbd7 4. Bc4 h6 5. d3 e5 6. Ne2 Be7 7. Ng3 c6 8. 0-0 Qc7 9. Bd2 Nf8 10. Qe1 a5 11. b4 b5 12. Bb3 a4 13. Bxf7+ Kxf7 14. Qe2 g5 15. a3 Ng6 16. Bc3 Nf4 17. Qe3 Ng4 18. Qc1 h5 19. h3 Nh6 20. Bd2 h4 21. Nh1 Qd7 22. Kh2 Nxh3 23. gxh3 Qxh3+ 24. Kg1 Qxf3 25. Qd1 Bg4 26. Qxf3+ Bxf3 27. Be3 Ng4 28. Bb6 h3 29. Rfe1 h2+ 30. Kf1 Bxh1 31. Ke2 Rh3 32. Rxh1 Rah8 33. Rhf1 h1Q 34. Rxh1 Rxh1 35. Rxh1 Rxh1 36. f3 Nf6 37. Kd2 Rh2+ 0-1

[Event "Niedersachsen-ch op-C"]
[Site "Verden an der Aller"]
[Date "2020.01.03"]
[Round "4"]
[White "Wolterink, Jule"]
[Black "Juergenpott, Maximilian"]
[Result "1/2-1/2"]
[WhiteElo "1432"]
[BlackElo "1364"]
[PlyCount "123"]
[EventDate "2020.01.02"]
[EventType "swiss"]
[EventRounds "7"]
[EventCountry "GER"]
[SourceTitle "EXT 2023"]
[Source "ChessBase"]
[SourceDate "2022.10.05"]
[SourceVersion "1"]
[SourceVersionDate "2022.10.05"]
[SourceQuality "1"]

1. d4 Nf6 2. Bf4 g6 3. e3 Bg7 4. Bd3 d6 5. Nd2 Nbd7 6. c3 0-0 7. Bc2 c5 8. Ngf3 b6 9. 0-0 Bb7 10. Re1 Rc8 11. h3 a5 12. e4 c4 13. e5 dxe5 14. Nxe5 Nxe5 15. Bxe5 Qd5 16. Nf3 b5 17. a3 a4 18. Qd2 Qd7 19. Bf4 Bxf3 20. gxf3 Qxh3 21. Rxe7 Qxf3 22. Bg3 Rfe8 23. Rae1 Rxe7 24. Rxe7 Nh5 25. Re3 Bh6 26. Rxf3 Bxd2 27. Bd6 Re8 28. Be5 Bg5 29. Be4 f6 30. Bd5+ Kg7 31. Bg3 Re1+ 32. Kg2 Rb1 33. Bc6 Rxb2 34. d5 Nxg3 35. Rxg3 Bf4 36. Rf3 Be5 37. Re3 Rb3 38. Bd7 Kf7 39. Rxe5 fxe5 40. d6 Rxc3 41. Bxb5 Rc2 42. Bxa4 Rd2 43. d7 Ke7 44. Kf3 Rd3+ 45. Ke4 Rxa3 46. Bb5 Ra7 47. Bxc4 Rxd7 48. Kxe5 Rd8 49. f4 Rf8 50. Be6 h5 51. f5 gxf5 52. Bxf5 h4 53. Ke4 Kf6 54. Bh3 Rg8 55. Kf4 Rg3 56. Bf1 Kg6 57. Be2 Rg1 58. Bg4 Rh1 59. Bf3 Rh2 60. Kg4 h3 61. Kg3 Rd2 62. Kxh3 1/2-1/2

[Event "Niedersachsen-ch op-C"]
[Site "Verden an der Aller"]
[Date "2020.01.02"]
[Round "2"]
[White "Knorr, Frank"]
[Black "Juergenpott, Maximilian"]
[Result "1/2-1/2"]
[WhiteElo "1085"]
[BlackElo "1364"]
[PlyCount "32"]
[EventDate "2020.01.02"]
[EventType "swiss"]
[EventRounds "7"]
[EventCountry "GER"]
[SourceTitle "EXT 2023"]
[Source "ChessBase"]
[SourceDate "2022.10.05"]
[SourceVersion "1"]
[SourceVersionDate "2022.10.05"]
[SourceQuality "1"]

1. Nf3 Nf6 2. e3 g6 3. d4 Bg7 4. Nc3 d6 5. d5 0-0 6. h3 Nbd7 7. e4 c5 8. Bc4 Nb6 9. Be2 Bd7 10. a4 a5 11. Be3 Qc7 12. Qd2 Nxe4 13. Nxe4 Nxa4 14. Bh6 Bxh6 15. Qxh6 Nxb2 16. 0-0 f6 1/2-1/2